00906nam a2200217Ia 4500003000400000005001700004008004100021040002100062041000800083082002800091100005600119245010600175260004500281300002900326505020000355650002400555650002800579650001800607700002900625700003400654OSt20210927122548.0210310s1996 ck gr 000 0 spa d aCO-JMCRcCO-JMCR0 aspa04a338.986126 /bJ371a223 aAlberto Jaramillo, Carlos Montoya, Mauricio Ramirez10aApertura e industria en el valle de aburra cAlberto Jaramillo J., Carlos Montoya, Mauricio Ramírez aMedellín, bUniversidad EAFIT, c1996. a229 páginas ; c22 cm.0 ala apertura y sus evaluaciones. -- Justificación, objetivos y metodología. -- Sector alimentos. -- Sector textil. -- Sector metalmecánico. -- Sector confección. -- Sector cuero y calzado.14aSector confección24aSector metalmecánico 24aSector textil1 aMontoya, Carlos eautor 1 aRamírez, Mauricio, eautor